000 00215 a2200097 4500
001 25378
100 _aHutchings, D
245 _aTowards More Creative Science
260 _a
_bPergamon
_c1966
090 _c17130
_d17130
942 _aNUST-CAE
_cM
_c7926
999 _c260451
_d260451